| 000 | 01077aam a2200313 i 4500 | ||
|---|---|---|---|
| 001 | 768714001 | ||
| 003 | CO-MdFUSB | ||
| 005 | 20250605160826.0 | ||
| 008 | 160825b xxu||||| |||| 00| 0 eng d | ||
| 020 | _a978-8297-5947-1 | ||
| 040 |
_cCO-MdFUSB _aCO-MdFUSB _bspa _dCO-MdFUSBC _erda |
||
| 041 | _aspa | ||
| 082 | 0 | 4 | _aR 225.7 C65k |
| 100 | 1 |
_aSnodgrass, Klyne _eautor |
|
| 245 | 0 | 0 |
_aEfesios _b: del texto bíblico a una aplicación contemporánea. _c/ Klyne Snodgrass ; traducido por Pedro L. Gómez Flores |
| 264 | 1 |
_aMiami, Florida : _b Vida, _c[2012] |
|
| 264 | 4 | _c©2012 | |
| 300 |
_a442 páginas _c; 24 cm |
||
| 336 |
_2rdacontent _atexto _btxt |
||
| 337 |
_2rdamedia _asin mediación _bn |
||
| 338 |
_2rdacarrier _avolumen _bnc |
||
| 490 | _aComentarios bíblicos con aplicación | ||
| 500 | _aTítulo original en inglés: The NIV Application Comentary: Ephesians | ||
| 501 | _apasta dura | ||
| 650 | 1 | 4 | _aBIBLIA - COMENTARIOS \ BIBLIA N.T. - EFESIOS - COMENTARIOS |
| 700 |
_aGómez Flores, Pedro L. _93149 _etraductor |
||
| 942 | _cREF | ||
| 945 | _aJTF-925 | ||
| 999 |
_c39846 _d39846 |
||